[Event "FIDE WCh Women KO"]
[Site "New Delhi IND"]
[Date "2000.12.03"]
[Round "3.1"]
[White "Zhukova,N"]
[Black "Xu Yuhua"]
[Result "1/2-1/2"]
[WhiteElo "2450"]
[BlackElo "2505"]
[EventDate "2000.11.27"]

1. d4 Nf6 2. c4 e6 3. Nc3 Bb4 4. Qc2 O-O 5. a3 Bxc3+ 6. Qxc3 b6 7. Bg5 Ba6
8. Nf3 d6 9. g3 Nbd7 10. Bg2 Rc8 11. Nd2 c5 12. b4 cxb4 13. Qxb4 d5 14.
cxd5 Nxd5 15. Bxd8 Nxb4 16. axb4 Rfxd8 17. Nf3 Nb8 18. Kd2 Bb5 19. e3 Nc6
20. Rhc1 a6 21. Rab1 f6 22. Bh3 Kf7 23. Rc3 Ne7 24. Rxc8 Rxc8 25. e4 Rc7
26. Rb3 Nc8 27. Rc3 Rxc3 28. Kxc3 Nd6 29. Nd2 Bc6 30. f3 Ke7 31. Bf1 Nb5+
32. Kd3 Na3 33. Kc3 Nb5+ 34. Kd3 Na3 35. Kc3 Nb5+ 1/2-1/2

[Event "FIDE WCh Women KO"]
[Site "New Delhi IND"]
[Date "2000.12.04"]
[Round "3.2"]
[White "Xie Jun"]
[Black "Zayac,E"]
[Result "1-0"]
[WhiteElo "2568"]
[BlackElo "2378"]
[EventDate "2000.11.27"]

1. e4 e5 2. Nf3 Nc6 3. Bb5 Nf6 4. d3 d6 5. O-O a6 6. Bxc6+ bxc6 7. d4 exd4
8. Qxd4 c5 9. Qd3 Be7 10. Nc3 O-O 11. Re1 Bb7 12. Bg5 h6 13. Bh4 Re8 14.
Rad1 Qb8 15. e5 Bxf3 16. Qxf3 dxe5 17. Rxe5 Bd6 18. Rxe8+ Nxe8 19. Re1 Qc8
20. Qc6 f6 21. f3 Rb8 22. Bf2 Kh7 23. b3 Be5 24. Qxc5 Nd6 25. Nd5 Rb5 26.
Qc6 Nb7 27. Ne7 Qb8 28. c4 Ra5 29. Qe4+ 1-0

[Event "FIDE WCh Women KO"]
[Site "New Delhi IND"]
[Date "2000.12.04"]
[Round "3.2"]
[White "Xu Yuhua"]
[Black "Zhukova,N"]
[Result "1/2-1/2"]
[WhiteElo "2505"]
[BlackElo "2450"]
[EventDate "2000.11.27"]

1. e4 e6 2. d4 d5 3. Nc3 Nf6 4. Bg5 dxe4 5. Nxe4 Be7 6. Bxf6 Bxf6 7. Nf3
Nd7 8. Bd3 O-O 9. O-O c5 10. Nxf6+ Qxf6 11. Qe2 cxd4 12. Qe4 g6 13. Qxd4
Qxd4 14. Nxd4 Nc5 15. Bc4 Rd8 16. Rfd1 Na4 17. Nf3 Bd7 18. Rab1 Be8 19. Rd4
Kf8 20. Kf1 Ke7 21. Bb3 Nc5 22. Bc4 Bc6 23. Rbd1 Bxf3 24. gxf3 g5 25. Ke2
Rxd4 26. Rxd4 Rc8 27. Bd3 Nxd3 28. Kxd3 Rc7 1/2-1/2

[Event "FIDE WCh Women KO"]
[Site "New Delhi IND"]
[Date "2000.12.04"]
[Round "3.2"]
[White "Peng Zhaoqin"]
[Black "Demina,J"]
[Result "1-0"]
[WhiteElo "2403"]
[BlackElo "2368"]
[EventDate "2000.11.27"]

1. d4 Nf6 2. c4 e6 3. Nf3 b6 4. g3 Bb7 5. Bg2 Be7 6. O-O O-O 7. Nc3 Na6 8.
Re1 d5 9. cxd5 exd5 10. Ne5 c5 11. Bf4 h6 12. dxc5 Nxc5 13. Rc1 Re8 14. Nd3
g5 15. Be5 Ng4 16. Bd4 Ne6 17. e3 Nxd4 18. Qxg4 Ne6 19. Red1 Nc7 20. a3 a5
21. h4 Qd6 22. hxg5 hxg5 23. Ne1 Rad8 24. Nf3 Qe6 25. Qh5 f6 26. Qg6+ Kf8
27. Qh6+ Kg8 28. Qg6+ Kf8 29. Nb5 Qe4 30. Qh6+ Kf7 31. Nxg5+ 1-0

[Event "FIDE WCh Women KO"]
[Site "New Delhi IND"]
[Date "2000.12.05"]
[Round "3.3"]
[White "Xu Yuhua"]
[Black "Zhukova,N"]
[Result "1/2-1/2"]
[WhiteElo "2505"]
[BlackElo "2450"]
[EventDate "2000.11.27"]

1. e4 e6 2. d4 d5 3. Nc3 Nf6 4. Bg5 dxe4 5. Nxe4 Be7 6. Bxf6 Bxf6 7. Nf3
Nd7 8. Qd2 O-O 9. O-O-O b6 10. Bc4 Bb7 11. d5 b5 12. Bb3 Nb6 13. Nxf6+ Qxf6
14. dxe6 fxe6 15. Rhe1 Nc4 16. Bxc4 bxc4 17. Qe3 Bd5 18. c3 Rab8 19. Rd2
Bxf3 20. gxf3 Rb6 21. Qc5 Qf4 22. Qe5 Qxe5 23. Rxe5 Rxf3 24. Rc5 Rd6 25.
Re2 c6 26. Rxc4 Rh3 27. f4 Kf7 28. Ra4 Rd7 29. Rae4 Rh6 30. a4 Rf6 31. a5
Rd5 32. b4 Ke7 33. Kc2 Rdf5 34. Rc4 Kd7 35. Rd2+ Kc7 36. Rcd4 Rf7 37. Re4
Rxf4 38. Rxe6 Rf2 39. Ree2 R2f6 1/2-1/2

[Event "FIDE WCh Women KO"]
[Site "New Delhi IND"]
[Date "2000.12.05"]
[Round "3.4"]
[White "Zhukova,N"]
[Black "Xu Yuhua"]
[Result "1-0"]
[WhiteElo "2450"]
[BlackElo "2505"]
[EventDate "2000.11.27"]

1. d4 Nf6 2. c4 e6 3. Nc3 Bb4 4. Qc2 O-O 5. a3 Bxc3+ 6. Qxc3 b6 7. Bg5 Ba6
8. Qf3 Nc6 9. e3 h6 10. Bxf6 Qxf6 11. Qxf6 gxf6 12. Rc1 Ne7 13. Ne2 f5 14.
Nc3 c5 15. d5 d6 16. Be2 Rad8 17. f3 Kg7 18. Kf2 Ng6 19. f4 Ne7 20. Rcd1
Ng8 21. Rd2 Nf6 22. dxe6 fxe6 23. Rhd1 Ne8 24. g3 Kf6 25. e4 fxe4 26. Nxe4+
Ke7 27. b4 Nf6 28. Nc3 Rd7 29. Re1 cxb4 30. axb4 Rc7 31. b5 Bb7 32. Bf1 Rc5
33. Ra2 Ra8 34. Rea1 Ng4+ 35. Kg1 a5 36. bxa6 Bc6 37. Re1 Kd7 38. Nb5 e5
39. Rd2 Rxa6 40. h3 Bxb5 41. cxb5 Ra4 42. hxg4 exf4 43. Red1 fxg3 44. Rxd6+
Ke7 45. Rxb6 Rxg4 46. Bh3 Rgc4 47. Rd7+ Ke8 48. Rb8+ Rc8 49. Rxc8+ Rxc8 50.
Rh7 Rc3 51. Rxh6 Rb3 52. Bf1 1-0

[Event "FIDE WCh Women KO"]
[Site "New Delhi IND"]
[Date "2000.12.05"]
[Round "3.4"]
[White "Skripchenko,A"]
[Black "Galliamova,A"]
[Result "1/2-1/2"]
[WhiteElo "2450"]
[BlackElo "2526"]
[EventDate "2000.11.27"]

1. e4 c5 2. Nc3 Nc6 3. f4 g6 4. Nf3 Bg7 5. Bb5 Nd4 6. Bd3 e6 7. Nxd4 cxd4
8. Nb5 d6 9. c3 dxc3 10. dxc3 a6 11. Qa4 Ke7 12. Qa3 Rb8 13. Nd4 f6 14. O-O
Nh6 15. e5 Nf7 16. Re1 Re8 17. Bc4 fxe5 18. fxe5 Kf8 19. exd6 Kg8 20. Be3
Nxd6 21. Bf1 Qc7 22. Qb3 Kh8 23. Rad1 e5 24. Nf3 Nf5 25. Bb6 Qe7 26. Bd3
Bd7 27. Bxf5 Bxf5 28. Nxe5 Be6 29. Qc2 Qg5 30. Nf3 Qb5 31. Bd4 Bf5 32. Qf2
Qd7 33. Bxg7+ Qxg7 34. Qd4 b5 35. h3 Qxd4+ 36. Nxd4 Be4 37. Nb3 Bc2 38.
Rxe8+ Rxe8 39. Rd2 Bb1 40. a3 Re1+ 41. Kf2 Rh1 42. Nc5 a5 43. Nb3 a4 44.
Nd4 Kg7 45. Nxb5 Ba2 46. Nd4 Kf6 47. Nf3 Rb1 48. Ke3 g5 49. Rd6+ Ke7 50.
Rd2 h6 51. Ke4 Ke6 52. Nd4+ Kf6 53. Nf3 Ke6 54. Nd4+ Kd6 55. Nf5+ Kc5 56.
Nxh6 Re1+ 57. Kf3 Bd5+ 58. Kf2 Rb1 59. Nf5 Bc4 60. Ne3 Bb3 61. g3 Rh1 62.
Kg2 Re1 63. Kf2 Rb1 64. h4 gxh4 65. gxh4 Bf7 66. Kg3 Rg1+ 67. Kf2 Rb1 68.
Kg3 Bg6 69. h5 Bh7 70. Kf4 Rh1 71. Rd5+ Kc6 72. Rd4 Kb5 73. Rd5+ Kb6 74.
Rd4 Rh4+ 75. Kg5 Rh3 76. Kf4 Rxh5 77. Rxa4 Rh4+ 78. Ng4 Rh1 79. Rb4+ Ka5
80. Ne3 Bd3 81. Ke5 Bb5 82. a4 Rh5+ 83. Kd4 Bd7 84. Nc4+ Ka6 85. Rb6+ Ka7
86. a5 Bb5 87. Nd6 Be2 88. b4 Bf3 89. c4 Rh4+ 90. Kc3 Bg2 91. Nb5+ Ka8 92.
Nc7+ Ka7 93. Nb5+ 1/2-1/2